000 00297nam a22001217a 4500
008 181015b xxu||||| |||| 00| 0 eng d
041 _aeng
080 _a159.9
100 _a49
101 _aPSI
245 _aResearsch In Clinical Psychology And Psychiatry
_cChassan.j.b
942 _2udc
_cBK
999 _c49768
_d49768